000 01218nam a2200265Ia 4500
003 OSt
005 20220923220516.0
006 a|||||r|||| 00| 0
007 ta
008 220922b |||||||| |||| 00| 0 hin d
024 _a187,103
037 _cTextual
040 _aARTS
_cARTS
_bhin
041 _2hin
_ahin
082 _aX.2'N7, 152L3
100 _aड्यूवेट, केवल कृष्ण; आहूजा, एच एल
_9164287
245 0 _aभारतीय अर्थशास्त्र
_b भारतीय अर्थव्यवस्था का विकासमूलक एवं विवेचनात्मक अध्ययन
246 _aBhāratīya arthashāstra: bhāratīya arthavyavasthā kā vikāsamūlak evan vivechanātmak adhyayana
260 _aनई दिल्ली
_b एस0 चन्द एण्ड कंपनी
_c1973
300 _a918पृ.
_ccm.
650 _a भारतीय अर्थव्यवस्था
650 _aअर्थशास्त्र
942 _hX.2'N7, 152L3
_cTEXL
_2CC
999 _c340312
_d340312